[Event "Brasschaat op 16th"]
[Site "Brasschaat"]
[Date "2016.08.27"]
[Round "8"]
[White "Wijgers, Toon"]
[Black "Van den Bosch, Arno"]
[Result "0-1"]
[WhiteElo "2058"]
[BlackElo "1926"]
[PlyCount "76"]
[EventDate "2016.08.20"]
[EventType "swiss"]
[EventRounds "9"]
[EventCountry "BEL"]
[SourceTitle "CBM 174 Extra"]
[Source "ChessBase"]
[SourceDate "2016.10.10"]
[SourceVersion "1"]
[SourceVersionDate "2016.10.10"]
[SourceQuality "1"]

1. c4 Nf6 2. Nc3 g6 3. e4 d6 4. d4 Bg7 5. h3 0-0 6. Bg5 h6 7. Be3 e5 8. d5 a5 9. Bd3 Na6 10. Nge2 b6 11. a3 Bd7 12. Rb1 Nc5 13. Bc2 Qe8 14. b4 axb4 15. axb4 Na4 16. Nxa4 Bxa4 17. Nc3 Bxc2 18. Qxc2 Qe7 19. 0-0 Nh5 20. c5 bxc5 21. bxc5 f5 22. f3 Ng3 23. Rfc1 fxe4 24. Nxe4 Nf5 25. Bf2 Nd4 26. cxd6 cxd6 27. Qc7 Ra7 28. Qxe7 Rxe7 29. Kf1 Rd7 30. Rb6 Rfd8 31. Bxd4 exd4 32. Rcc6 Ra7 33. Rxd6 Rxd6 34. Nxd6 d3 35. Rb8+ Kh7 36. Ne4 Ra1+ 37. Kf2 Bd4+ 38. Kg3 Be5+ 0-1

[Event "Brasschaat op 13th"]
[Site "Brasschaat"]
[Date "2013.08.23"]
[Round "7"]
[White "De Vos, Nils"]
[Black "Wijgers, Toon"]
[Result "1-0"]
[WhiteElo "2221"]
[BlackElo "1944"]
[PlyCount "89"]
[EventDate "2013.08.17"]
[EventType "swiss"]
[EventRounds "9"]
[EventCountry "BEL"]
[SourceTitle "CBM 156 Extra"]
[Source "ChessBase"]
[SourceDate "2013.10.22"]
[SourceVersion "1"]
[SourceVersionDate "2013.10.22"]
[SourceQuality "1"]

1. e4 c5 2. Nc3 d6 3. g3 Nc6 4. Bg2 g6 5. d3 Bg7 6. f4 e5 7. Nh3 exf4 8. Nxf4 Nge7 9. 0-0 0-0 10. Rb1 a6 11. Be3 b5 12. Qd2 Bb7 13. a3 Nd4 14. Nd1 d5 15. Nc3 dxe4 16. Nxe4 Rc8 17. c3 Ndf5 18. Bf2 c4 19. d4 Bc6 20. Rbd1 Nd5 21. Nxd5 Bxd5 22. Rde1 Ne7 23. Qe2 Re8 24. Nc5 Bxg2 25. Kxg2 Nf5 26. Qf3 Qd6 27. g4 Nh6 28. Be3 Rf8 29. Ne4 Qd8 30. Bg5 Qc7 31. Bxh6 Bxh6 32. Nf6+ Kg7 33. Qh3 Rh8 34. Re5 Qc6+ 35. Kg1 Bc1 36. g5 h6 37. Rc5 Qxc5 38. dxc5 hxg5 39. Qd7 Be3+ 40. Kg2 Bf4 41. Ng4 Rcd8 42. Qe7 Rde8 43. Qf6+ Kg8 44. Rxf4 gxf4 45. Ne5 1-0

[Event "Brasschaat op 13th"]
[Site "Brasschaat"]
[Date "2013.08.18"]
[Round "2"]
[White "Wijgers, Toon"]
[Black "Docx, Stefan"]
[Result "0-1"]
[WhiteElo "1944"]
[BlackElo "2490"]
[PlyCount "102"]
[EventDate "2013.08.17"]
[EventType "swiss"]
[EventRounds "9"]
[EventCountry "BEL"]
[SourceTitle "CBM 156 Extra"]
[Source "ChessBase"]
[SourceDate "2013.10.22"]
[SourceVersion "1"]
[SourceVersionDate "2013.10.22"]
[SourceQuality "1"]

1. e4 c5 2. Nf3 d6 3. d4 cxd4 4. Nxd4 Nf6 5. Nc3 Nc6 6. Be2 g6 7. Be3 Bg7 8. Qd2 0-0 9. 0-0-0 Nxd4 10. Bxd4 Be6 11. Kb1 Qc7 12. h4 Rfc8 13. h5 Qa5 14. Nd5 Qxd2 15. Nxf6+ Bxf6 16. Rxd2 Bxd4 17. Rxd4 Rc5 18. c3 Rac8 19. Ra4 a6 20. f4 a5 21. Rd4 b6 22. g4 g5 23. f5 Bd7 24. f6 exf6 25. Rxd6 Bc6 26. Bd3 Re5 27. Rxf6 Bxe4 28. Bxe4 Rxe4 29. Rxb6 Rxg4 30. Ra6 a4 31. Rh3 Rg1+ 32. Kc2 Rg2+ 33. Kd3 Rxb2 34. Rxa4 h6 35. Ra6 Kg7 36. a4 Rc5 37. Rf3 g4 38. Rf4 Rxh5 39. Rxg4+ Rg5 40. Rf4 Rg3+ 41. Kc4 Rc2 42. Ra7 Rcxc3+ 43. Kd4 Rgd3+ 44. Ke5 Rc5+ 45. Ke4 Rc4+ 46. Kf5 Rd5+ 47. Kg4 h5+ 48. Kg3 Rd3+ 49. Rf3 h4+ 50. Kg2 Rc2+ 51. Rf2 h3+ 0-1

[Event "BEL-ch op"]
[Site "Antwerp"]
[Date "2013.07.14"]
[Round "9"]
[White "Wijgers, Toon"]
[Black "Bex, Lennert"]
[Result "1/2-1/2"]
[WhiteElo "1960"]
[BlackElo "1837"]
[PlyCount "68"]
[EventDate "2013.07.06"]
[EventType "swiss"]
[EventRounds "9"]
[EventCountry "BEL"]
[SourceTitle "CBM 155 Extra"]
[Source "ChessBase"]
[SourceDate "2013.08.26"]
[SourceVersion "1"]
[SourceVersionDate "2013.08.26"]
[SourceQuality "1"]

1. e4 c5 2. Nf3 Nc6 3. Bb5 g6 4. 0-0 Bg7 5. Re1 Nd4 6. Nxd4 Bxd4 7. d3 Bg7 8. c3 a6 9. Bc4 e6 10. Nd2 Ne7 11. Bb3 0-0 12. f4 d6 13. Nf3 e5 14. Rf1 h6 15. Qe1 Bg4 16. Qg3 Bxf3 17. Rxf3 exf4 18. Bxf4 d5 19. exd5 Nxd5 20. Bd6 Ne7 21. Re1 Nf5 22. Rxf5 gxf5 23. Re7 f4 24. Qg6 Qb6 25. Rxb7 Qxb3 26. Qxg7+ Kxg7 27. Bxf8+ Kxf8 28. Rxb3 Rd8 29. c4 Ke7 30. Kf2 Kf6 31. Rb6+ Kg5 32. Rxa6 Rxd3 33. Rc6 Rd2+ 34. Kf3 Rxb2 1/2-1/2

[Event "Brasschaat op 12th"]
[Site "Brasschaat"]
[Date "2012.08.19"]
[Round "2"]
[White "Mirumian, Vigen"]
[Black "Wijgers, Toon"]
[Result "1-0"]
[WhiteElo "2521"]
[BlackElo "1928"]
[PlyCount "45"]
[EventDate "2012.08.18"]
[EventType "swiss"]
[EventRounds "9"]
[EventCountry "BEL"]
[SourceTitle "CBM 150 Extra"]
[Source "ChessBase"]
[SourceDate "2012.10.19"]
[SourceVersion "1"]
[SourceVersionDate "2012.10.19"]
[SourceQuality "1"]

1. Nf3 c5 2. g3 Nc6 3. Bg2 g6 4. c3 Bg7 5. d4 cxd4 6. cxd4 d5 7. Nc3 Bg4 8. 0-0 e6 9. Ne5 Bf5 10. Nxc6 bxc6 11. h3 e5 12. dxe5 Bxe5 13. e4 dxe4 14. Qa4 Ne7 15. Bh6 Qb6 16. Rad1 Bd7 17. Nxe4 0-0-0 18. Be3 c5 19. Rxd7 Rxd7 20. Nxc5 Rc7 21. Na6 Qf6 22. Nxc7 Bxc7 23. Rc1 1-0

[Event "BEL-ch op"]
[Site "Westerlo"]
[Date "2010.07.08"]
[Round "6"]
[White "Wijgers, Toon"]
[Black "Logie, Dimitri"]
[Result "0-1"]
[WhiteElo "1916"]
[BlackElo "2027"]
[PlyCount "58"]
[EventDate "2010.07.03"]
[EventType "swiss"]
[EventRounds "9"]
[EventCountry "BEL"]
[SourceTitle "CBM 137 Extra"]
[Source "ChessBase"]
[SourceDate "2010.09.01"]
[SourceVersion "1"]
[SourceVersionDate "2010.09.01"]
[SourceQuality "1"]

1. d4 Nf6 2. c4 c5 3. d5 b5 4. Nf3 g6 5. Nfd2 Bg7 6. e4 d6 7. Be2 bxc4 8. Nc3 0-0 9. 0-0 Qa5 10. Nxc4 Qb4 11. Be3 Ba6 12. a3 Qb7 13. Qd2 Nbd7 14. f4 Bxc4 15. Bxc4 Ng4 16. Kh1 Nb6 17. Be2 Nxe3 18. Qxe3 e6 19. dxe6 fxe6 20. e5 Nd5 21. Nxd5 exd5 22. exd6 Rfe8 23. Qd2 Rad8 24. f5 Rxd6 25. fxg6 Qxb2 26. Qf4 Qxe2 27. Qxd6 Bxa1 28. Qxd5+ Kh8 29. Qf7 Bg7 0-1

[Event "Brasschaat op 08th"]
[Site "Brasschaat"]
[Date "2008.08.17"]
[Round "2"]
[White "Sadkowsky, Daniel"]
[Black "Wijgers, Toon"]
[Result "1-0"]
[WhiteElo "2340"]
[BlackElo "1940"]
[PlyCount "47"]
[EventDate "2008.08.16"]
[EventType "swiss"]
[EventRounds "9"]
[EventCountry "BEL"]
[SourceTitle "EXT 2017"]
[Source "ChessBase"]
[SourceDate "2016.10.25"]
[SourceVersion "1"]
[SourceVersionDate "2016.10.25"]
[SourceQuality "1"]

1. e4 c5 2. Nf3 e6 3. d4 cxd4 4. Nxd4 a6 5. Bd3 d6 6. 0-0 Nd7 7. c4 b6 8. Nc3 Bb7 9. f4 h5 10. Qe2 Qc7 11. Bd2 Be7 12. Rae1 Ngf6 13. b4 g6 14. a3 Ng4 15. h3 Ngf6 16. e5 Ng8 17. Bxg6 Nf8 18. Be4 0-0-0 19. Nf3 Nh6 20. Rc1 Kb8 21. Rfd1 Nf5 22. Bxf5 exf5 23. Nd5 Bxd5 24. cxd5 1-0

[Event "Brasschaat op 07th"]
[Site "Brasschaat"]
[Date "2007.08.20"]
[Round "3"]
[White "Wijgers, Toon"]
[Black "Sadkowsky, Daniel"]
[Result "0-1"]
[WhiteElo "2019"]
[BlackElo "2366"]
[PlyCount "56"]
[EventDate "2007.08.18"]
[EventType "swiss"]
[EventRounds "9"]
[EventCountry "BEL"]
[SourceTitle "CBM 120 Extra"]
[Source "ChessBase"]
[SourceDate "2007.11.01"]
[SourceVersion "1"]
[SourceVersionDate "2007.11.01"]
[SourceQuality "1"]

1. e4 c5 2. c3 d5 3. exd5 Qxd5 4. d4 Nf6 5. Nf3 Bg4 6. dxc5 Qxc5 7. Na3 a6 8. Be3 Qc7 9. Qa4+ Nc6 10. Nb5 Qb8 11. Nbd4 Bd7 12. Qc2 e6 13. Bd3 Bd6 14. Bg5 Qc7 15. Bxf6 gxf6 16. Nxc6 Bxc6 17. Be4 f5 18. Bxc6+ Qxc6 19. 0-0-0 0-0-0 20. Qe2 Rhg8 21. g3 Qa4 22. Kb1 Qe4+ 23. Qxe4 fxe4 24. Nd4 Bc5 25. Kc2 Rg5 26. Rhe1 Rgd5 27. f3 Bxd4 28. fxe4 Rc5 0-1

[Event "Brasschaat op 05th"]
[Site "Brasschaat"]
[Date "2005.08.27"]
[Round "8"]
[White "Beukema, Stefan"]
[Black "Wijgers, Toon"]
[Result "1-0"]
[WhiteElo "1476"]
[BlackElo "1898"]
[PlyCount "69"]
[EventDate "2005.08.20"]
[EventType "swiss"]
[EventRounds "9"]
[EventCountry "BEL"]
[SourceTitle "CBM 108 Extra"]
[Source "ChessBase"]
[SourceDate "2005.11.04"]
[SourceVersion "1"]
[SourceVersionDate "2005.11.04"]
[SourceQuality "1"]

1. e4 c5 2. Nf3 d6 3. d4 cxd4 4. Nxd4 Nf6 5. Nc3 Nc6 6. Bb5 Bd7 7. 0-0 a6 8. Nxc6 bxc6 9. Bc4 g6 10. f4 Bg7 11. e5 Qb6+ 12. Kh1 Ng4 13. Qe2 d5 14. Bd3 Nh6 15. b3 Nf5 16. Bb2 0-0 17. g4 Ne3 18. Rg1 Qa7 19. Rae1 d4 20. Ne4 c5 21. Rg3 Bc6 22. Kg1 f5 23. exf6 exf6 24. Ba3 Bxe4 25. Bxe4 Rae8 26. Qd3 f5 27. gxf5 Nxf5 28. Qc4+ Kh8 29. Bxc5 Nxg3 30. Bxa7 Nxe4 31. Bxd4 Rxf4 32. Bxg7+ Kxg7 33. Qc7+ Rf7 34. Qc6 Rf4 35. Qxe8 1-0

[Event "Brasschaat op 04th"]
[Site "Brasschaat"]
[Date "2004.08.22"]
[Round "2"]
[White "Wijgers, Toon"]
[Black "Dardha, Arben"]
[Result "0-1"]
[WhiteElo "1923"]
[BlackElo "2244"]
[PlyCount "92"]
[EventDate "2004.08.21"]
[EventType "swiss"]
[EventRounds "9"]
[EventCountry "BEL"]
[SourceTitle "EXT 2017"]
[Source "ChessBase"]
[SourceDate "2016.10.25"]
[SourceVersion "1"]
[SourceVersionDate "2016.10.25"]
[SourceQuality "1"]

1. c4 g6 2. Nc3 Bg7 3. e4 c5 4. g3 Nc6 5. Bg2 d6 6. Nge2 e5 7. 0-0 Nge7 8. d3 0-0 9. Bg5 f6 10. Be3 Nd4 11. f4 Rb8 12. h3 a6 13. a4 Nec6 14. g4 Nxe2+ 15. Nxe2 Bh6 16. Kh1 Be6 17. Bg1 b5 18. axb5 axb5 19. f5 Bf7 20. fxg6 hxg6 21. b3 bxc4 22. bxc4 Rb2 23. Nc3 Nb4 24. Qf3 Rb3 25. Nb5 Rxd3 26. Qxf6 Bg5 27. Qxd8 Rxd8 28. Nxd6 R3xd6 29. Bxc5 Nc2 30. Bxd6 Nxa1 31. Bxe5 Nb3 32. Bf6 Bxf6 33. Rxf6 Kg7 34. Rc6 Na5 35. Rc7 Nxc4 36. Kg1 Rd2 37. Bf1 Ne5 38. Bb5 Kf6 39. Rc5 Nf3+ 40. Kf1 Nh2+ 41. Kg1 Nf3+ 42. Kf1 Rh2 43. Bc4 Bxc4+ 44. Rxc4 Ke5 45. Ra4 Kf4 46. e5+ Kg3 0-1